Usos amorosos del dieciocho en España

Saved in:
Bibliografiske detaljer
Hovedforfatter: Martín Gaite, Carmen (autora)
Format: Bog
Sprog:spansk
Udgivet: Barcelona Lumen 1981
Serier:Palabra en el Tiempo. Ensayo
Fag:
Tags: Tilføj Tag
Ingen Tags, Vær først til at tagge denne postø!

MARC

LEADER 00000nam a2200000 a 4500
001 UCQ7997
003 CL-VaPUC
008 981127e19810000SP |||||||||||||||||spa|d
082 0 4 |a 864  |b MAR  |2 21 
100 |a Martín Gaite, Carmen  |e autora  |9 419708 
245 1 0 |a Usos amorosos del dieciocho en España 
300 |a 324 p 
942 |c BK 
945 |d 19981127 00:00:00  |a crobeson 
260 |a Barcelona  |b Lumen  |c 1981 
650 0 |a Ensayos españoles  |9 313128 
650 0 |a Literatura española  |9 306261 
583 |a last modification  |c 19981127 00:00:00  |k Rodrigo Vera 
490 0 |a Palabra en el Tiempo. Ensayo 
999 |c 277369  |d 277367 
952 |0 0  |1 0  |4 0  |6 864_000000000000000_MAR_1981  |7 0  |8 A  |9 315264  |a FDOPOS  |b FDOPOS  |d 2019-11-20  |i 1495836  |o 864 MAR 1981  |p 1495836  |r 2025-01-22  |w 2019-11-20  |y BK  |k MLH